Statystyki dla Z iloma Państwami Graniczy Podany Kraj (Europa)

Kliknij tutaj aby rozwiązać quiz!

Ogólne statystyki

  • Ten quiz został rozwiązany 2 678 razy
  • Średni wynik to 15 z 15

Statystyki odpowiedzi

PaństwoOdpowiedź% Poprawnych
Holandia2
100%
Polska7
100%
Dania1
99%
Portugalia1
97%
Wielka Brytania1
97%
Norwegia3
97%
Grecja4
97%
Łotwa4
97%
Szwajcaria5
97%
Czarnogóra5
97%
Włochy6
97%
Islandia0
96%
Mołdawia2
96%
Litwa4
96%
Rosja14
94%

Rozkład punktacji

Percentyl według liczby udzielonych odpowiedzi

Procent ludzi z każdym wynikiem

Twoja historia wyników

Nie rozwiązałeś tego quizu